The emergence of Bangladesh : a history of East Pakistan : part two, 1958-1971 /

Xehetasun bibliografikoak
Egile nagusia: Umar, Badruddin
Formatua: Liburua
Hizkuntza:English
Argitaratua: Dhaka : Bangala Gobeshona Publication, 2017, 2025.
Gaiak:
Classic Catalogue: View this record in Classic Catalogue
LEADER 04101nam a22004097a 4500
001 41499
003 BD-DhAAL
005 20260225094644.0
008 230718t20042017bg ||||| b||| 001 0 eng d
020 |a 9789849430735 
020 |a 9789843967138 
040 |a BD-DhAAL  |c BD-DhAAL 
082 |a 954.9204  |2 23 
100 |a Umar, Badruddin.  |9 55046 
245 |a The emergence of Bangladesh :  |b a history of East Pakistan :  |n part two, 1958-1971 /  |c Badruddin Umar. 
246 |a The emergence of Bangladesh. 
260 |a Dhaka :  |b Bangala Gobeshona Publication,  |c 2017, 2025. 
300 |a xii, 371 pages ;  |b 23 cm. 
500 |a Originally published : Oxford University Press, 2004. 
504 |a Includes bibliographical references and index. 
526 |a GenEd (RS)  |x Dr. Tahseen H. Ali Assistant Dean of the School of General Education Course Name and No.: Emergence of Bangladesh '(EMB-101)' 
541 |a Development Book Agency Book Finder International  |e 41499, 41500, 42542, 42543, 42544, 45283, 45284, 45285, 45286, 45287, 45288 
650 |a Social conflict  |z Bangladesh. 
651 |a Bangladesh  |x Politics and government. 
852 |a Ayesha Abed Library  |c General Stacks 
942 |2 ddc  |c BK 
999 |c 45960  |d 45960 
952 |0 0  |1 0  |2 ddc  |4 0  |6 954_920400000000000_UMA  |7 0  |9 73927  |a SCL  |b SCL  |c GEN  |d 2023-07-18  |e Development Book Agency  |g 745.00  |l 12  |m 6  |o 954.9204 UMA  |p 3020041499  |r 2025-09-08  |s 2025-09-07  |t 1  |v 745.00  |w 2023-07-12  |y BK 
952 |0 0  |1 0  |2 ddc  |4 0  |6 954_920400000000000_UMA  |7 0  |9 75360  |a SCL  |b SCL  |c GEN  |d 2024-04-21  |e Karim International  |g 770.00  |l 7  |m 16  |o 954.9204 UMA  |p 3020042543  |r 2025-09-15  |s 2025-08-21  |t 3  |v 770.00  |w 2024-04-21  |y BK 
952 |0 0  |1 0  |2 ddc  |4 0  |6 954_920400000000000_UMA  |7 0  |9 75361  |a SCL  |b SCL  |c GEN  |d 2024-04-21  |e Karim International  |g 770.00  |l 5  |m 9  |o 954.9204 UMA  |p 3020042542  |r 2025-09-16  |s 2025-09-03  |t 2  |v 770.00  |w 2024-04-21  |y BK 
952 |0 0  |1 0  |2 ddc  |4 0  |6 954_920400000000000_UMA  |7 0  |9 75362  |a SCL  |b SCL  |c GEN  |d 2024-04-21  |e Karim International  |g 770.00  |l 5  |o 954.9204 UMA  |p 3020042544  |r 2025-12-21  |s 2025-09-12  |t 4  |v 770.00  |w 2024-04-21  |y BK 
952 |0 0  |1 0  |2 ddc  |4 0  |6 954_920400000000000_UMA  |7 0  |9 78694  |a SCL  |b SCL  |c GEN  |d 2026-01-14  |e Book Finder International   |g 628.00  |l 0  |o 954.9204 UMA  |p 3020045287  |r 2026-01-14  |t 9  |v 1256.00  |w 2026-01-14  |y BK  |x Requisitioned by Dr. Tahseen H. Ali, Assistant Dean of the School of General Education, for the course titled- 'Emergence of Bangladesh (EMB-101)'. 
952 |0 0  |1 0  |2 ddc  |4 0  |6 954_920400000000000_UMA  |7 0  |9 78695  |a SCL  |b SCL  |c GEN  |d 2026-01-14  |e Book Finder International   |g 628.00  |l 0  |o 954.9204 UMA  |p 3020045284  |r 2026-01-14  |t 6  |v 1256.00  |w 2026-01-14  |y BK  |x Requisitioned by Dr. Tahseen H. Ali, Assistant Dean of the School of General Education, for the course titled- 'Emergence of Bangladesh (EMB-101)'. 
952 |0 0  |1 0  |2 ddc  |4 0  |6 954_920400000000000_UMA  |7 0  |9 78696  |a SCL  |b SCL  |c GEN  |d 2026-01-14  |e Book Finder International   |g 628.00  |l 0  |o 954.9204 UMA  |p 3020045285  |r 2026-01-14  |t 7  |v 1256.00  |w 2026-01-14  |y BK  |x Requisitioned by Dr. Tahseen H. Ali, Assistant Dean of the School of General Education, for the course titled- 'Emergence of Bangladesh (EMB-101)'. 
952 |0 0  |1 0  |2 ddc  |4 0  |6 954_920400000000000_UMA  |7 0  |9 78697  |a SCL  |b SCL  |c GEN  |d 2026-01-14  |e Book Finder International   |g 628.00  |l 0  |o 954.9204 UMA  |p 3020045288  |r 2026-01-14  |t 10  |v 1256.00  |w 2026-01-14  |y BK  |x Requisitioned by Dr. Tahseen H. Ali, Assistant Dean of the School of General Education, for the course titled- 'Emergence of Bangladesh (EMB-101)'. 
952 |0 0  |1 0  |2 ddc  |4 0  |6 954_920400000000000_UMA  |7 0  |9 78698  |a SCL  |b SCL  |c GEN  |d 2026-01-14  |e Book Finder International   |g 628.00  |l 0  |o 954.9204 UMA  |p 3020045286  |r 2026-01-14  |t 8  |v 1256.00  |w 2026-01-14  |y BK  |x Requisitioned by Dr. Tahseen H. Ali, Assistant Dean of the School of General Education, for the course titled- 'Emergence of Bangladesh (EMB-101)'. 
952 |0 0  |1 0  |2 ddc  |4 0  |6 954_920400000000000_UMA  |7 0  |9 78699  |a SCL  |b SCL  |c GEN  |d 2026-01-14  |e Book Finder International   |g 628.00  |l 0  |o 954.9204 UMA  |p 3020045283  |r 2026-01-14  |t 5  |v 1256.00  |w 2026-01-14  |y BK  |x Requisitioned by Dr. Tahseen H. Ali, Assistant Dean of the School of General Education, for the course titled- 'Emergence of Bangladesh (EMB-101)'.